La famiglia ambiente naturale del bambino / The Family Natural Environment of the Child (Record n. 209481)

Dettagli MARC
000 -LEADER
campo di controllo lung. fissa 01088nam a2200229Ia 4500
001 - Numero di controllo
campo di controllo c3-25501 [4513]
003 - Identificatore del numero di controllo
campo di controllo IT-MiCISF
005 - Data e orario dell'ultima transazione
campo di controllo 20260210122243.0
008 - Elementi di lunghezza fissa--Informazione generale
campo di controllo lung. fissa 161014s9999||||xx |||||||||||||| ||und||
040 ## - Fonte della catalogazione
Agenzia catalografica originale IT-MiCISF
Agenzia che fa la trascrizione IT-MiCISF
041 ## - Codice di lingua
Codice di lingua del testo/traccia sonora o titolo separato it
100 ## - Accesso principale -- nome di persona
Nome di persona Cisf (a cura di)
9 (RLIN) 56035
245 #0 - Formulazione del titolo
Titolo La famiglia ambiente naturale del bambino / The Family Natural Environment of the Child
Complemento del titolo congresso internazionale, Milano, 21-24 giugno 1979
260 ## - Pubblicazione, distribuzione, ecc. (stampa)
Luogo di pubblicazione, distribuzione, ecc. Milano,
Nome dell'editore, distributore, ecc. CISF - Centro internazionale studi famiglia,
Data di pubblicazione, distribuzione, ecc. 1980
300 ## - Descrizione fisica
Estensione pp. 415
500 ## - Nota generale
Nota generale / famiglia, bambini, diritti-bambino, formazione-personalità, educazione-familiare, educazione-genitori, religione /
650 ## - Accesso aggiunto di soggetto--termine topico
Termine topico o nome geografico come accesso Famiglia
654 ## - Accesso aggiunto di soggetto--termini topici faccettati
Termine principale atti
700 ## - Accesso aggiunto--nome di persona
Nome di persona Achille P.A., Ancona L., Bobb-Lucas J., Bottomley P., Cordeiro J.,
-- Dell'Acqua V., Feldman H., Feldman M., Guerfel H., Gulotta G.,
-- Kouassigan G., Lejeune J., Masamba ma Mpolo J., Mascarenhas M.,
-- McHuch J., Muller-Fahrenholz G., Perera L.H., Presvelou C.,
-- Riboldi A., Schleicher K., Zani L.
9 (RLIN) 63385
942 ## - Dati aggiuntivi (Koha)
Tipo copia default (Koha) LIBRO
Fonte della classificazione o dello schema di collocazione (segnatura) Dewey Decimal Classification
999 ## - Sys Number locale (Koha)
Koha Dewey Subclass [OBSOLETE] si
Dati di copia
Ritirato (status) Perso (status) Danneggiato (status) Non per il presito Biblioteca proprietaria Biblioteca in cui si trova Data d'acquisizione Totale prestiti Collocazione Data ultima operazione Prezzo in vigore dal Tipo copia default (Koha) Nota pubblica
    Buone Condizioni Not For Loan CISF - Milano CISF - Milano 14/10/2016   c3-25501 [4513] 14/10/2016 14/10/2016 LIBRO Data import 15.10.2016 / by Epidotti, Vaglietti
CREDITS: SOCIETA' SAN PAOLO Via A.Severo, 58 - ROMA (RM) & PERIODICI SAN PAOLO SRL Via Giotto, 36 MILANO & CISF Via Giotto, 36 MILANO & EDIZIONI SAN PAOLO SRL,  Piazza Soncino, 5 CINISELLO BALSAMO (MI) -- ITALY